000
00318 a2200157 4500
001
158053
020
_a
040
_c
Magnum
100
_a
-
240
1
0
_a
Dicionarios de simbolos
_l
por
245
1
0
_a
Dicionarios de simbolos
362
0
_a
1899
440
1
_a
José Olympio
697
_a
DICIONARIOS
942
_c
BK
999
_c
158053
_d
158053